Mozart
| Main Author: | |
|---|---|
| Format: | Book |
| Published: |
London :
Orbis Publishing Limited ,
1979
|
| Subjects: |
MARC
| LEADER | 00000cam a2200000 7i4500 | ||
|---|---|---|---|
| 001 | 0000009794 | ||
| 002 | 000010664 | ||
| 005 | 20080515.0 | ||
| 020 | |a 0856130699 | ||
| 090 | 0 | 0 | |a 780.92 |b OTT |
| 100 | 1 | |a Ottaway, Hugh | |
| 245 | 1 | 0 | |a Mozart |c Hugh Ottaway |
| 260 | |a London : |b Orbis Publishing Limited , |c 1979 | ||
| 300 | |a 208p. : |b ill. ; |c 25cm. | ||
| 600 | 1 | 0 | |a Mozart, Wolfgang Amadeus , |d 1756-1791 |
| 650 | 0 | 0 | |a Composers |z Austria |x Biography |
| 999 | |a 0000843 |b BUKU |c PINJAMAN |e PERPUSTAKAAN KOMUNITI PETALING JAYA | ||